[Event "SV Turm Bergheim 1 - DJK Arminia Eilendo"]
[Site "Verbandsliga - West 2016/2017"]
[Date "2016.11.27"]
[Round "4.5"]
[White "Jazmati, Abdul"]
[Black "Bergmann, Thomas"]
[Result "1/2-1/2"]
[WhiteElo "1642"]
[BlackElo "1731"]
[PlyCount "47"]
[EventDate "2016.??.??"]
[WhiteTeam "DJK Arminia Eilendorf 1"]
[BlackTeam "SV Turm Bergheim 1"]

1. e4 Nc6 2. d4 d5 3. Nc3 dxe4 4. d5 Ne5 5. Nxe4 e6 6. c4 Bb4+ 7. Bd2 Bxd2+ 8.
Qxd2 Nf6 9. Nxf6+ Qxf6 10. Qb4 Qf4 11. Rd1 Qe4+ 12. Kd2 Bd7 13. f3 Qf4+ 14. Ke1
O-O-O 15. Qc5 Kb8 16. d6 Nc6 17. Ne2 Qe5 18. dxc7+ Kxc7 19. Qxe5+ Nxe5 20. Nc3
Bc6 21. Be2 Rxd1+ 22. Kxd1 Rd8+ 23. Kc2 a6 24. Rd1 1/2-1/2

[Event "SV Turm Bergheim 1 - DJK Arminia Eilendo"]
[Site "Verbandsliga - West 2016/2017"]
[Date "2016.11.27"]
[Round "4.6"]
[White "Kr�ckeberg, Bernd"]
[Black "Nguyen, Tuan-Anh"]
[Result "0-1"]
[WhiteElo "1797"]
[BlackElo "1678"]
[PlyCount "56"]
[EventDate "2016.??.??"]
[WhiteTeam "SV Turm Bergheim 1"]
[BlackTeam "DJK Arminia Eilendorf 1"]

1. e4 g6 2. d4 Bg7 3. Nf3 d6 4. Bd3 Nf6 5. O-O O-O 6. h3 c5 7. c3 Qc7 8. Qe2 a6
9. a4 Nbd7 10. Be3 e6 11. Nbd2 d5 12. e5 Ne8 13. b3 f6 14. exf6 Nexf6 15. g3
Nh5 16. Kg2 cxd4 17. cxd4 e5 18. Rac1 Qd8 19. dxe5 Nxe5 20. Nxe5 Bxe5 21. Nf3
Bf6 22. Qd2 Be6 23. Bg5 Qd7 24. Ng1 Rf7 25. Bxf6 Nxf6 26. Qh6 Raf8 27. Ne2 Nh5
28. g4 Bxg4 0-1

[Event "SV Turm Bergheim 1 - DJK Arminia Eilendo"]
[Site "Verbandsliga - West 2016/2017"]
[Date "2016.11.27"]
[Round "4.7"]
[White "Korr, Christopher"]
[Black "Esper, Tim"]
[Result "0-1"]
[WhiteElo "1671"]
[BlackElo "1512"]
[PlyCount "96"]
[EventDate "2016.??.??"]
[WhiteTeam "DJK Arminia Eilendorf 1"]
[BlackTeam "SV Turm Bergheim 1"]

1. e4 c6 2. Nf3 d5 3. Nc3 Bg4 4. e5 e6 5. h3 Bh5 6. d4 c5 7. Be3 cxd4 8. Bxd4
Nc6 9. Bb5 a6 10. Bxc6+ bxc6 11. g4 Bg6 12. Ne2 Be4 13. Ng3 Bg6 14. c3 c5 15.
Be3 Qa5 16. O-O Ne7 17. Qb3 Qc7 18. Qa4+ Qc6 19. Qa3 Nc8 20. Rfc1 Nb6 21. b3 d4
22. Bxd4 cxd4 23. Nxd4 Bxa3 24. Nxc6 Bxc1 25. Rxc1 Rc8 26. Nb4 a5 27. Na6 Nd5
28. c4 Nb4 29. Nxb4 axb4 30. f4 Bd3 31. Kf2 h6 32. Ke3 Bg6 33. Ne2 Ke7 34. Nd4
Rhd8 35. c5 Rd5 36. c6 f6 37. c7 Kd7 38. exf6 gxf6 39. h4 e5 40. f5 Bf7 41. Nf3
Rxc7 42. Rc4 Rxc4 43. bxc4 Rc5 44. g5 hxg5 45. hxg5 fxg5 46. f6 Bxc4 47. Nxg5
Ke8 48. f7+ Bxf7 0-1

[Event "SV Turm Bergheim 1 - DJK Arminia Eilendo"]
[Site "Verbandsliga - West 2016/2017"]
[Date "2016.11.27"]
[Round "4.8"]
[White "Portl, Ralf"]
[Black "Pennings, Josef"]
[Result "1/2-1/2"]
[WhiteElo "1946"]
[BlackElo "1432"]
[PlyCount "48"]
[EventDate "2016.??.??"]
[WhiteTeam "SV Turm Bergheim 1"]
[BlackTeam "DJK Arminia Eilendorf 1"]

1. c4 Nf6 2. d4 g6 3. Nc3 d5 4. Qb3 c6 5. cxd5 Nxd5 6. e4 Nxc3 7. bxc3 Bg7 8.
Nf3 h6 9. Bc4 e6 10. a4 O-O 11. Ba3 Re8 12. e5 Nd7 13. Nd2 Bf8 14. Bxf8 Rxf8
15. Ne4 Qb6 16. Qc2 Qa5 17. O-O Nb6 18. Bd3 Nd5 19. Rfb1 Rb8 20. g3 Qc7 21. Qd2
Kg7 22. h4 f5 23. exf6+ Nxf6 24. Nxf6 Rxf6 1/2-1/2

[Event "SV Turm Bergheim 1 - SV Lendersdorf 1"]
[Site "Verbandsliga - West 2016/2017"]
[Date "2016.10.23"]
[Round "3.1"]
[White "Abolianin, Arthur"]
[Black "Fuhs, J�rgen"]
[Result "1-0"]
[WhiteElo "2319"]
[BlackElo "2009"]
[PlyCount "77"]
[EventDate "2016.??.??"]
[WhiteTeam "SV Lendersdorf 1"]
[BlackTeam "SV Turm Bergheim 1"]

1. g3 Nf6 2. Bg2 d5 3. Nf3 c5 4. O-O Nc6 5. d4 e6 6. c4 cxd4 7. Nxd4 Be7 8. Nc3
O-O 9. cxd5 exd5 10. Be3 Na5 11. Qc2 Nc4 12. Bc1 Be6 13. Rd1 Qc8 14. Nxe6 fxe6
15. Bf4 Bd6 16. Bxd6 Nxd6 17. Rac1 Qe8 18. e3 Rc8 19. Qe2 Qf7 20. Rc2 Rc7 21.
Rdc1 Rfc8 22. Bh3 Rc6 23. Qd3 Nc4 24. Nxd5 Nxb2 25. Nxf6+ Qxf6 26. Qb3 Rxc2 27.
Rxc2 Rxc2 28. Qxc2 Kf7 29. Qc8 b6 30. Qd7+ Kg6 31. Bxe6 Nd1 32. Qe8+ Kh6 33.
Qf7 Qxf7 34. Bxf7 Kg5 35. Kf1 Kf6 36. Bg8 h6 37. Ke2 Nc3+ 38. Kd3 Nb5 39. f4
1-0

[Event "SV Turm Bergheim 1 - SV Lendersdorf 1"]
[Site "Verbandsliga - West 2016/2017"]
[Date "2016.10.23"]
[Round "3.2"]
[White "B�chel, J�rgen"]
[Black "Voulon, Oliver"]
[Result "1/2-1/2"]
[WhiteElo "1797"]
[BlackElo "2042"]
[PlyCount "29"]
[EventDate "2016.??.??"]
[WhiteTeam "SV Turm Bergheim 1"]
[BlackTeam "SV Lendersdorf 1"]

1. e4 c6 2. d4 d5 3. e5 Bf5 4. Nf3 e6 5. Be2 Nd7 6. O-O h5 7. Nbd2 g5 8. c4 g4
9. Ne1 f6 10. f4 fxe5 11. fxe5 Bh6 12. Nb3 dxc4 13. Bxc4 Nxe5 14. Qe2 Nxc4 15.
Rxf5 1/2-1/2

[Event "SV Turm Bergheim 1 - SV Lendersdorf 1"]
[Site "Verbandsliga - West 2016/2017"]
[Date "2016.10.23"]
[Round "3.3"]
[White "Flatten, Arnold"]
[Black "Buller, Ivan"]
[Result "1-0"]
[WhiteElo "2042"]
[BlackElo "1837"]
[PlyCount "83"]
[EventDate "2016.??.??"]
[WhiteTeam "SV Lendersdorf 1"]
[BlackTeam "SV Turm Bergheim 1"]

1. e4 e5 2. Nf3 Nf6 3. Nc3 Nc6 4. Bb5 a6 5. Bxc6 dxc6 6. Nxe5 Bc5 7. O-O O-O 8.
d3 Re8 9. Nf3 Bg4 10. Be3 Bd6 11. Re1 h6 12. Qe2 Nh7 13. h3 Bh5 14. g4 Bg6 15.
Kg2 Nf8 16. Nd4 Be5 17. Nf3 Bd6 18. Qd2 Ne6 19. Nd4 Nxd4 20. Bxd4 f6 21. Be3 h5
22. Bf4 Kf7 23. Bg3 Qd7 24. Qe2 Bxg3 25. Kxg3 Rh8 26. f4 Qd6 27. e5 fxe5 28.
Qxe5 hxg4 29. hxg4 Qd8 30. Qe6+ Kf8 31. Rh1 Bh7 32. Qf5+ Kg8 33. Qe6+ Kf8 34.
Rh2 Qf6 35. Qxf6+ gxf6 36. Rah1 Kg7 37. f5 Rae8 38. Ne4 Rd8 39. Kf4 Rd5 40.
Rxh7+ Rxh7 41. Rxh7+ Kxh7 42. Nxf6+ 1-0

[Event "SV Turm Bergheim 1 - SV Lendersdorf 1"]
[Site "Verbandsliga - West 2016/2017"]
[Date "2016.10.23"]
[Round "3.4"]
[White "Bergmann, Thomas"]
[Black "Hinz, Holger"]
[Result "0-1"]
[WhiteElo "1731"]
[BlackElo "1880"]
[PlyCount "102"]
[EventDate "2016.??.??"]
[WhiteTeam "SV Turm Bergheim 1"]
[BlackTeam "SV Lendersdorf 1"]

1. Nc3 d5 2. e4 e6 3. f4 dxe4 4. Nxe4 Nf6 5. Qe2 Nxe4 6. Qxe4 Qd5 7. d3 Bd7 8.
Qxd5 exd5 9. g3 Na6 10. Bd2 Nb4 11. Bxb4 Bxb4+ 12. c3 Bd6 13. Bg2 c6 14. Nf3 f6
15. O-O Kf7 16. Ne5+ Bxe5 17. fxe5 Rae8 18. d4 Kg6 19. exf6 gxf6 20. Rf2 Bg4
21. Raf1 Rhf8 22. Bf3 h5 23. Kg2 Bxf3+ 24. Rxf3 Re2+ 25. R1f2 Rxf2+ 26. Kxf2 f5
27. Re3 Kf6 28. Kf3 Rg8 29. a4 b6 30. b3 a5 31. h3 h4 32. gxh4 Rg1 33. c4 Rd1
34. cxd5 cxd5 35. Rc3 Rxd4 36. Rc6+ Ke5 37. Rxb6 Rxh4 38. Kg2 Rd4 39. Rb5 Rd2+
40. Kf3 Rd3+ 41. Kg2 f4 42. Rxa5 Rxb3 43. Ra8 Rg3+ 44. Kh2 d4 45. Re8+ Kf5 46.
a5 Ra3 47. Rf8+ Ke4 48. Re8+ Kf3 49. Rb8 d3 50. Re8 Ra2+ 51. Kg1 d2 0-1

[Event "SV Turm Bergheim 1 - SV Lendersdorf 1"]
[Site "Verbandsliga - West 2016/2017"]
[Date "2016.10.23"]
[Round "3.5"]
[White "Schmidt, Lysander"]
[Black "Kr�ckeberg, Bernd"]
[Result "1-0"]
[WhiteElo "1865"]
[BlackElo "1797"]
[PlyCount "81"]
[EventDate "2016.??.??"]
[WhiteTeam "SV Lendersdorf 1"]
[BlackTeam "SV Turm Bergheim 1"]

1. e4 c6 2. d4 d5 3. Nc3 dxe4 4. Nxe4 Nd7 5. Nf3 Ngf6 6. Nxf6+ Nxf6 7. h3 Bf5
8. Bd3 Bxd3 9. Qxd3 e6 10. O-O Be7 11. Bd2 O-O 12. Rfe1 c5 13. Qb5 Qc7 14. c3
a6 15. Qe2 Rfe8 16. Rad1 Rad8 17. dxc5 Bxc5 18. b4 Be7 19. c4 h6 20. Bc3 Rxd1
21. Rxd1 Rd8 22. Rxd8+ Qxd8 23. Qd2 Ne4 24. Qxd8+ Bxd8 25. Be1 Bf6 26. Kf1 Kf8
27. Ke2 Nc3+ 28. Bxc3 Bxc3 29. b5 axb5 30. cxb5 Ke7 31. Kd3 Bb2 32. Nd2 e5 33.
Nc4 Bd4 34. f4 f6 35. fxe5 fxe5 36. Ke4 Ke6 37. Na5 b6 38. Nc4 h5 39. a4 g5 40.
g4 hxg4 41. hxg4 1-0

[Event "SV Turm Bergheim 1 - SV Lendersdorf 1"]
[Site "Verbandsliga - West 2016/2017"]
[Date "2016.10.23"]
[Round "3.6"]
[White "Esper, Tim"]
[Black "Gr�nich, Andreas"]
[Result "0-1"]
[WhiteElo "1512"]
[BlackElo "1850"]
[PlyCount "74"]
[EventDate "2016.??.??"]
[WhiteTeam "SV Turm Bergheim 1"]
[BlackTeam "SV Lendersdorf 1"]

1. d4 Nf6 2. Nf3 g6 3. Bg5 Bg7 4. Nbd2 O-O 5. e3 d6 6. Bc4 a6 7. a4 b6 8. O-O
Bb7 9. c3 Nbd7 10. Qc2 Rc8 11. Qd3 Ra8 12. Qc2 c5 13. Rfe1 d5 14. Bd3 Rc8 15.
Bf4 Re8 16. Be5 Nxe5 17. Nxe5 Nd7 18. Nxd7 Qxd7 19. Qb1 e5 20. dxe5 Rxe5 21.
Nf3 Re7 22. Be2 Rce8 23. Rd1 Qc7 24. Rd2 f5 25. g3 Qc6 26. Nh4 d4 27. Bf3 Qc7
28. Bxb7 Qxb7 29. Qa2+ Kh8 30. cxd4 cxd4 31. Ng2 dxe3 32. Nxe3 Bh6 33. Rad1
Rxe3 34. fxe3 Bxe3+ 35. Rf2 Qf3 36. Rdf1 Bxf2+ 37. Rxf2 Re1+ 0-1

[Event "SV Turm Bergheim 1 - SV Lendersdorf 1"]
[Site "Verbandsliga - West 2016/2017"]
[Date "2016.10.23"]
[Round "3.8"]
[White "Fassbender, Alfred"]
[Black "Titz, Peter"]
[Result "1/2-1/2"]
[WhiteElo "1868"]
[BlackElo "1730"]
[PlyCount "32"]
[EventDate "2016.??.??"]
[WhiteTeam "SV Turm Bergheim 1"]
[BlackTeam "SV Lendersdorf 1"]

1. d4 e6 2. Nf3 d5 3. e3 Nf6 4. Bd3 Be7 5. Nbd2 b6 6. O-O Bb7 7. c3 O-O 8. Re1
Nbd7 9. e4 Nxe4 10. Nxe4 dxe4 11. Bxe4 Bxe4 12. Rxe4 Nf6 13. Re1 c5 14. Be3 Qc7
15. dxc5 Bxc5 16. Bxc5 Qxc5 1/2-1/2

[Event "Eschweiler SC 1 - SV Turm Bergheim 1"]
[Site "Verbandsliga - West 2016/2017"]
[Date "2016.10.02"]
[Round "2.1"]
[White "Fuhs, J�rgen"]
[Black "Henrotte, Nils"]
[Result "1/2-1/2"]
[WhiteElo "1991"]
[BlackElo "1883"]
[PlyCount "54"]
[EventDate "2016.??.??"]
[WhiteTeam "SV Turm Bergheim 1"]
[BlackTeam "Eschweiler SC 1"]

1. d4 d5 2. e3 Bf5 3. f4 e6 4. Nf3 c6 5. c3 Nf6 6. Bd3 Bd6 7. Qc2 Bxd3 8. Qxd3
Ne4 9. O-O Nd7 10. Nbd2 f5 11. Ne5 Nxd2 12. Bxd2 O-O 13. Rf3 Nf6 14. Be1 Bxe5
15. fxe5 Ne4 16. b3 g5 17. c4 Qd7 18. Bb4 Rf7 19. Kf1 Rd8 20. c5 f4 21. Ke2 g4
22. Rxf4 Rxf4 23. exf4 Qf7 24. Be1 Qxf4 25. Bg3 Qh6 26. Rf1 Rf8 27. Rxf8+ Qxf8
1/2-1/2

[Event "Eschweiler SC 1 - SV Turm Bergheim 1"]
[Site "Verbandsliga - West 2016/2017"]
[Date "2016.10.02"]
[Round "2.2"]
[White "Geerlings, Gerd"]
[Black "H�rtel, Stephan"]
[Result "0-1"]
[WhiteElo "2060"]
[BlackElo "1884"]
[PlyCount "46"]
[EventDate "2016.??.??"]
[WhiteTeam "Eschweiler SC 1"]
[BlackTeam "SV Turm Bergheim 1"]

1. Nf3 Nf6 2. c4 g6 3. Nc3 d5 4. cxd5 Nxd5 5. g3 Bg7 6. Bg2 O-O 7. O-O c6 8. d4
Nd7 9. e4 Nxc3 10. bxc3 c5 11. Qe2 Qa5 12. Bg5 cxd4 13. Bxe7 Re8 14. Bb4 Qa4
15. Rac1 a5 16. Bd6 Ra6 17. Bf4 dxc3 18. Rfd1 Rxe4 19. Qd3 Re8 20. Nd4 Nc5 21.
Qxc3 Ne6 22. Be3 Rd6 23. Qb3 Rxd4 0-1

[Event "Eschweiler SC 1 - SV Turm Bergheim 1"]
[Site "Verbandsliga - West 2016/2017"]
[Date "2016.10.02"]
[Round "2.3"]
[White "Buller, Ivan"]
[Black "Sch�ller, Tobias"]
[Result "0-1"]
[WhiteElo "1837"]
[BlackElo "1918"]
[PlyCount "64"]
[EventDate "2016.??.??"]
[WhiteTeam "SV Turm Bergheim 1"]
[BlackTeam "Eschweiler SC 1"]

1. e4 Nf6 2. e5 Nd5 3. d4 d6 4. Nf3 Bg4 5. c4 Nb6 6. exd6 cxd6 7. Be2 g6 8. h3
Bxf3 9. Bxf3 Nc6 10. Na3 Bg7 11. Be3 O-O 12. Bxc6 bxc6 13. O-O d5 14. Rc1 Qd7
15. c5 Nc8 16. Bf4 Re8 17. Re1 e6 18. Qd2 Ne7 19. Nc2 Nf5 20. Rcd1 f6 21. Be3
Re7 22. Re2 Rae8 23. Rde1 g5 24. Qd3 h6 25. Bd2 e5 26. Bc3 e4 27. Qd1 Nh4 28.
Re3 f5 29. Rf1 f4 30. Ree1 f3 31. Ne3 fxg2 32. Nxg2 Nf3+ 0-1

[Event "Eschweiler SC 1 - SV Turm Bergheim 1"]
[Site "Verbandsliga - West 2016/2017"]
[Date "2016.10.02"]
[Round "2.4"]
[White "Bozidarevic, Slobodjan"]
[Black "Bergmann, Thomas"]
[Result "0-1"]
[WhiteElo "1909"]
[BlackElo "1731"]
[PlyCount "140"]
[EventDate "2016.??.??"]
[WhiteTeam "Eschweiler SC 1"]
[BlackTeam "SV Turm Bergheim 1"]

1. e4 Nc6 2. d4 d5 3. Nc3 dxe4 4. d5 Ne5 5. Nxe4 e6 6. Bb5+ Bd7 7. Bxd7+ Qxd7
8. dxe6 Qxe6 9. Qe2 O-O-O 10. f4 Nc6 11. Ng5 Qd5 12. c3 Nf6 13. Qf3 Qd7 14. g3
h6 15. N5h3 Bc5 16. Nf2 Bxf2+ 17. Kxf2 Rhe8 18. Kg2 Qd1 19. Nh3 Re2+ 20. Nf2
Qc2 21. Rf1 Rd3 22. Be3 Rdxe3 23. Rac1 Qe4 24. Qxe4 Nxe4 25. Kg1 Rxb2 26. Nd1
Ree2 27. Nxb2 Rxb2 28. Rfe1 f5 29. g4 g6 30. gxf5 gxf5 31. Re3 h5 32. Rh3 Nf6
33. Rg3 Ne7 34. Re1 Ne4 35. Rg7 Nc6 36. Rd1 Rd2 37. Rxd2 Nxd2 38. Rh7 Ne4 39.
Rxh5 Ne7 40. c4 Nd6 41. Rh7 Kd7 42. h4 Ke6 43. h5 Kf6 44. h6 Nf7 45. Kf2 Ng8
46. Rg7 Ngxh6 47. Rg3 Nd6 48. Ra3 a6 49. Ra4 Ng4+ 50. Ke2 c5 51. Kd3 Nf2+ 52.
Ke2 Nfe4 53. Ra3 Nxc4 54. Rh3 Ke6 55. Rh6+ Nf6 56. Kd3 Nd6 57. Kc3 b5 58. Kb3
Nde4 59. a4 Kd5 60. a5 c4+ 61. Kb4 Kd4 62. Rh8 Nd5+ 63. Ka3 b4+ 64. Kb2 c3+ 65.
Kc1 b3 66. Rd8 Nc5 67. Kb1 Kc4 68. Rc8 Nxf4 69. Rf8 c2+ 70. Kb2 Nfd3+ 0-1

[Event "Eschweiler SC 1 - SV Turm Bergheim 1"]
[Site "Verbandsliga - West 2016/2017"]
[Date "2016.10.02"]
[Round "2.5"]
[White "Kr�ckeberg, Bernd"]
[Black "Stock, Achim"]
[Result "0-1"]
[WhiteElo "1797"]
[BlackElo "1744"]
[PlyCount "60"]
[EventDate "2016.??.??"]
[WhiteTeam "SV Turm Bergheim 1"]
[BlackTeam "Eschweiler SC 1"]

1. e4 d6 2. d4 g6 3. c3 Bg7 4. Bd3 Nd7 5. Nf3 e5 6. O-O Ne7 7. Be3 O-O 8. Qe2
Re8 9. Rd1 b6 10. dxe5 Nxe5 11. Nxe5 Bxe5 12. Nd2 Bb7 13. Ba6 Qc8 14. Bxb7 Qxb7
15. Qd3 d5 16. Qc2 dxe4 17. Nxe4 Nf5 18. Ng5 Nxe3 19. fxe3 Bf6 20. Nh3 Qc6 21.
Qf2 Be7 22. Rd3 Rad8 23. Rad1 Rxd3 24. Rxd3 Qe4 25. Qd2 Bc5 26. Kf2 a5 27. Ng1
g5 28. h3 h5 29. Ne2 g4 30. Ng3 Qf4+ 0-1

[Event "Eschweiler SC 1 - SV Turm Bergheim 1"]
[Site "Verbandsliga - West 2016/2017"]
[Date "2016.10.02"]
[Round "2.6"]
[White "Spies, Ulrich"]
[Black "Esper, Tim"]
[Result "1/2-1/2"]
[WhiteElo "1845"]
[BlackElo "1512"]
[PlyCount "62"]
[EventDate "2016.??.??"]
[WhiteTeam "Eschweiler SC 1"]
[BlackTeam "SV Turm Bergheim 1"]

1. e4 c6 2. d4 d5 3. exd5 cxd5 4. Nf3 Nf6 5. Bb5+ Bd7 6. Bxd7+ Nbxd7 7. O-O e6
8. Bg5 Qb6 9. Qc1 Be7 10. c3 O-O 11. Ne5 Rfe8 12. Nxd7 Nxd7 13. Bxe7 Rxe7 14.
Nd2 Rc8 15. Nf3 Nf6 16. Rb1 Qd6 17. Qe3 b5 18. a3 a5 19. Rfc1 Rec7 20. b4 Ne4
21. bxa5 Nxc3 22. Kf1 Nxb1 23. Rxb1 Rc3 24. Qd2 Qxa3 25. Rxb5 Qc1+ 26. Qxc1
Rxc1+ 27. Ke2 R1c7 28. Nd2 Ra7 29. Nb3 Rca8 30. Kd3 g6 31. Kc3 Rc7+ 1/2-1/2

[Event "Eschweiler SC 1 - SV Turm Bergheim 1"]
[Site "Verbandsliga - West 2016/2017"]
[Date "2016.10.02"]
[Round "2.7"]
[White "Otto, Friedhelm"]
[Black "Singh, Marcel"]
[Result "0-1"]
[WhiteElo "1609"]
[BlackElo "1903"]
[PlyCount "114"]
[EventDate "2016.??.??"]
[WhiteTeam "SV Turm Bergheim 1"]
[BlackTeam "Eschweiler SC 1"]

1. d4 e5 2. dxe5 Nc6 3. Nf3 Qe7 4. e3 Nxe5 5. Nc3 Nf6 6. Nxe5 Qxe5 7. Be2 d5 8.
O-O Bd6 9. g3 Bf5 10. Nb5 h5 11. Nxd6+ Qxd6 12. Bf3 h4 13. g4 Bg6 14. h3 O-O-O
15. b3 Ne4 16. Bb2 Ng5 17. Bg2 f6 18. Qe2 Be4 19. Rad1 Qc6 20. Rc1 Bxg2 21.
Kxg2 d4+ 22. f3 Qd6 23. Bxd4 Qg3+ 24. Kh1 Qxh3+ 25. Qh2 Qxh2+ 26. Kxh2 b6 27.
a4 Rhe8 28. b4 a6 29. c4 Ne6 30. Rcd1 Nxd4 31. exd4 Re2+ 32. Kg1 Ra2 33. Ra1
Rxa1 34. Rxa1 Rxd4 35. Rc1 g5 36. Rc3 Rd1+ 37. Kg2 Ra1 38. c5 b5 39. axb5 axb5
40. Rd3 Ra2+ 41. Kg1 Ra4 42. Rd4 Kb7 43. Kg2 Kc6 44. f4 Ra2+ 45. Kg1 Rc2 46.
fxg5 fxg5 47. Re4 Rc4 48. Re6+ Kd7 49. Rg6 Rxg4+ 50. Kh1 Rxb4 51. c6+ Ke7 52.
Rxg5 Kd6 53. Rg6+ Kc5 54. Rh6 Rd4 55. Kg2 Rd6 56. Rh5+ Kxc6 57. Rxh4 Rf6 0-1

[Event "Eschweiler SC 1 - SV Turm Bergheim 1"]
[Site "Verbandsliga - West 2016/2017"]
[Date "2016.10.02"]
[Round "2.8"]
[White "Struck, Bernd Dieter"]
[Black "Br�gge, Sebastian"]
[Result "1-0"]
[WhiteElo "1910"]
[BlackElo "1561"]
[PlyCount "139"]
[EventDate "2016.??.??"]
[WhiteTeam "Eschweiler SC 1"]
[BlackTeam "SV Turm Bergheim 1"]

1. b4 Nf6 2. Bb2 e6 3. a3 c5 4. bxc5 Bxc5 5. Nf3 O-O 6. e3 d5 7. d4 Bd6 8. Bd3
Nc6 9. Nbd2 a6 10. c4 dxc4 11. Nxc4 Be7 12. O-O b5 13. Ncd2 Bb7 14. Qe2 Rc8 15.
a4 Nb4 16. axb5 Nxd3 17. Qxd3 Qb6 18. Rfb1 Qxb5 19. Qxb5 axb5 20. Ba3 Bxa3 21.
Rxa3 Bd5 22. Ne1 Rb8 23. Rb4 Rfc8 24. f3 Kf8 25. e4 Bc4 26. Rc3 Nh5 27. g3 Be2
28. Rxc8+ Rxc8 29. Kf2 Bc4 30. Ke3 Ra8 31. Nxc4 bxc4 32. Rxc4 Ra2 33. Rc2 Ra3+
34. Nd3 Ke7 35. e5 g5 36. Ke2 Ra4 37. Ke3 Ra3 38. Ke2 Ra4 39. g4 Ng7 40. Ke3
Ra3 41. Rc7+ Ke8 42. Rb7 Rc3 43. Ke4 Rc2 44. Rb2 Rc3 45. Nc5 Ke7 46. Rb7+ Ke8
47. Rb8+ Ke7 48. Rh8 h5 49. Rh7 hxg4 50. Rxg7 gxf3 51. Nd3 g4 52. Rxg4 Rc2 53.
Rf4 Rxh2 54. Rxf3 Re2+ 55. Re3 Rh2 56. Rg3 Rh4+ 57. Nf4 f5+ 58. Ke3 Kf7 59. Rh3
Rg4 60. Kf3 Rg1 61. Rh7+ Kg8 62. Rh6 Rf1+ 63. Kg3 Rd1 64. Nxe6 Kf7 65. Kf4 Rf1+
66. Ke3 Re1+ 67. Kd3 Rf1 68. Kc4 f4 69. Rf6+ Ke7 70. Nxf4 1-0

[Event "SV Turm Bergheim 1 - Pulheimer SC 1"]
[Site "Verbandsliga - West 2016/2017"]
[Date "2016.09.11"]
[Round "1.1"]
[White "Bausch, Thomas"]
[Black "Fuhs, J�rgen"]
[Result "1/2-1/2"]
[WhiteElo "2061"]
[BlackElo "1984"]
[PlyCount "69"]
[EventDate "2016.??.??"]
[WhiteTeam "Pulheimer SC 1"]
[BlackTeam "SV Turm Bergheim 1"]

1. e4 c5 2. c3 b6 3. d4 Bb7 4. d5 Nf6 5. Bd3 c4 6. Bc2 e6 7. dxe6 dxe6 8. Qxd8+
Kxd8 9. f3 Nbd7 10. Be3 Rc8 11. Nd2 Ba6 12. Rd1 Bc5 13. Bxc5 Rxc5 14. Ne2 Ke7
15. O-O e5 16. Rfe1 Rd8 17. Nf1 g6 18. Rd2 Rcc8 19. Ne3 Nc5 20. Red1 Rxd2 21.
Rxd2 Rd8 22. Rxd8 Kxd8 23. Nc1 Ke7 24. Kf2 Kd6 25. b3 b5 26. b4 Ncd7 27. g3 Bb7
28. Nd1 Nh5 29. Ke3 f6 30. f4 Bc6 31. Nf2 Nb6 32. Ng4 Bd7 33. fxe5+ fxe5 34.
Nf2 Nf6 35. Bd1 1/2-1/2

[Event "SV Turm Bergheim 1 - Pulheimer SC 1"]
[Site "Verbandsliga - West 2016/2017"]
[Date "2016.09.11"]
[Round "1.2"]
[White "Dahms, Reinhard"]
[Black "Laschewski, Andreas"]
[Result "0-1"]
[WhiteElo "1905"]
[BlackElo "1965"]
[PlyCount "92"]
[EventDate "2016.??.??"]
[WhiteTeam "SV Turm Bergheim 1"]
[BlackTeam "Pulheimer SC 1"]

1. e4 c5 2. Nc3 Nc6 3. g3 g6 4. Bg2 Bg7 5. d3 e6 6. Be3 d6 7. Qd2 Nge7 8. Bh6
Bxh6 9. Qxh6 Nd4 10. Qd2 Nec6 11. Nce2 e5 12. c3 Nxe2 13. Nxe2 Bg4 14. f4 Bxe2
15. Qxe2 Qd7 16. O-O O-O 17. f5 f6 18. fxg6 hxg6 19. Rf2 Kg7 20. Raf1 Rab8 21.
h4 b5 22. g4 b4 23. Qf3 bxc3 24. bxc3 Qe7 25. Qg3 Rf7 26. Bf3 Nd8 27. Bd1 Rb1
28. g5 fxg5 29. Rxf7+ Nxf7 30. hxg5 Nxg5 31. Kf2 Ne6 32. Ke1 Qg5 33. Qh3 Qh5
34. Qxh5 gxh5 35. Kd2 Nf4 36. Rh1 Kh6 37. Kc2 Rb7 38. Bg4 Rg7 39. Bf3 Rg3 40.
Rf1 h4 41. Kd2 Kg5 42. Ke3 h3 43. Rb1 Ng2+ 44. Ke2 Nh4 45. Rb8 Nxf3 46. Kf2 Kg4
0-1

[Event "SV Turm Bergheim 1 - Pulheimer SC 1"]
[Site "Verbandsliga - West 2016/2017"]
[Date "2016.09.11"]
[Round "1.4"]
[White "H�rtel, Stephan"]
[Black "J�lich, Thomas"]
[Result "1/2-1/2"]
[WhiteElo "1885"]
[BlackElo "1942"]
[PlyCount "41"]
[EventDate "2016.??.??"]
[WhiteTeam "SV Turm Bergheim 1"]
[BlackTeam "Pulheimer SC 1"]

1. e4 d6 2. d4 Nf6 3. Nc3 g6 4. Nf3 Bg7 5. h3 O-O 6. Be3 e5 7. dxe5 dxe5 8.
Qxd8 Rxd8 9. Bc4 Be6 10. Bxe6 fxe6 11. O-O a6 12. Rfd1 Nc6 13. a3 h6 14. g4 Ne8
15. Ne1 b6 16. Rxd8 Rxd8 17. Rd1 Nd4 18. Kf1 Nd6 19. b3 Kf7 20. f3 Ke7 21. Ne2
1/2-1/2

[Event "SV Turm Bergheim 1 - Pulheimer SC 1"]
[Site "Verbandsliga - West 2016/2017"]
[Date "2016.09.11"]
[Round "1.6"]
[White "Bergmann, Thomas"]
[Black "Kiehn, Andreas"]
[Result "1-0"]
[WhiteElo "1731"]
[BlackElo "1756"]
[PlyCount "103"]
[EventDate "2016.??.??"]
[WhiteTeam "SV Turm Bergheim 1"]
[BlackTeam "Pulheimer SC 1"]

1. Nc3 d5 2. e4 d4 3. Nce2 e5 4. Ng3 c5 5. Nf3 Bd6 6. Bb5+ Bd7 7. Bxd7+ Nxd7 8.
Nf5 Bf8 9. O-O g6 10. Ng3 h5 11. d3 h4 12. Ne2 h3 13. c3 hxg2 14. Kxg2 f5 15.
cxd4 fxe4 16. dxe4 cxd4 17. Qb3 Nc5 18. Qb5+ Qd7 19. Qxd7+ Nxd7 20. Bg5 Bd6 21.
Nh4 Rh5 22. Nf3 Kf7 23. Ng3 Rh8 24. Nd2 Rc8 25. Rac1 Ne7 26. Nc4 Bb8 27. b3 Ke6
28. Rcd1 b5 29. Na3 a6 30. f4 Nc6 31. f5+ gxf5 32. Rxf5 Bd6 33. Nb1 Ne7 34.
Bxe7 Bxe7 35. Rf2 Bh4 36. Rdf1 Rcf8 37. Nd2 Rxf2+ 38. Rxf2 Bxg3 39. hxg3 Rf8
40. Nf3 Nc5 41. Nxd4+ exd4 42. Rxf8 Nxe4 43. Kf3 Nc3 44. Ra8 Kd5 45. Rxa6 d3
46. Ke3 Ne4 47. g4 d2 48. Ke2 Kd4 49. Rc6 Ke5 50. g5 Nxg5 51. Rc5+ Kf4 52. Rxg5
1-0

[Event "SV Turm Bergheim 1 - Pulheimer SC 1"]
[Site "Verbandsliga - West 2016/2017"]
[Date "2016.09.11"]
[Round "1.7"]
[White "Baldus, Alexander"]
[Black "Esper, Tim"]
[Result "1/2-1/2"]
[WhiteElo "1833"]
[BlackElo "1512"]
[PlyCount "46"]
[EventDate "2016.??.??"]
[WhiteTeam "Pulheimer SC 1"]
[BlackTeam "SV Turm Bergheim 1"]

1. Nf3 d5 2. g3 c6 3. Bg2 Bg4 4. O-O Nd7 5. d3 e6 6. Nbd2 Bd6 7. e4 Ne7 8. c3
O-O 9. Qc2 b5 10. Re1 Qc7 11. d4 f6 12. exd5 exd5 13. Nf1 Bf5 14. Qb3 Ng6 15.
a4 a6 16. Bd2 Nb6 17. axb5 axb5 18. Ne3 Be4 19. Ra2 Rxa2 20. Qxa2 Ra8 21. Qb3
Nc4 22. Nxc4 bxc4 23. Qd1 Qb7 1/2-1/2

[Event "SV Turm Bergheim 1 - Pulheimer SC 1"]
[Site "Verbandsliga - West 2016/2017"]
[Date "2016.09.11"]
[Round "1.8"]
[White "Lambertz, Walter"]
[Black "Budelsky, Dietmar"]
[Result "0-1"]
[WhiteElo "1889"]
[BlackElo "1826"]
[PlyCount "70"]
[EventDate "2016.??.??"]
[WhiteTeam "SV Turm Bergheim 1"]
[BlackTeam "Pulheimer SC 1"]

1. e4 e6 2. d4 d5 3. Nd2 Nf6 4. e5 Nfd7 5. Bd3 c5 6. c3 Nc6 7. Ne2 Qb6 8. Nf3
cxd4 9. cxd4 Bb4+ 10. Bd2 O-O 11. O-O f6 12. exf6 Nxf6 13. a3 Bxd2 14. Qxd2 Bd7
15. b4 Rac8 16. Nc3 Qc7 17. Rac1 Qb8 18. Rfe1 h6 19. Bb1 Ng4 20. h3 Rxf3 21.
hxg4 Rf6 22. g3 Rcf8 23. f4 g5 24. Qd3 R8f7 25. Rf1 gxf4 26. gxf4 Rxf4 27. Qh3
Rxf1+ 28. Rxf1 Rxf1+ 29. Kxf1 Qf4+ 30. Ke1 Nxd4 31. Qd3 Qe5+ 32. Kd1 Qg7 33.
Qg3 e5 34. Nxd5 Qxg4+ 35. Qxg4+ Bxg4+ 0-1